000 02248cam a22004694i 4500
003 PE-LiUPU
005 20250731172951.0
008 150623s r 000 0 d
020 _a0801090407
035 _a(Sirsi) i9780801090400
040 _aPE-LiUPU
_bspa
_cPE-LiUPU
_erda
049 _aPRUA
082 0 4 _a253.5
_bL54
_221
245 0 0 _aLeadership handbook of management and administration /
_ceditor general, James D. Berkley.
264 1 _aMichigan :
_bBaker Books,
_c1997.
300 _a524 páginas ;
_c23 centímetros
336 _atext
_2rdacontent
337 _aunmediated
_2rdamedia
338 _avolume
_2rdacarrier
490 0 _aLeadership Handbooks of Practical Theology ;
_v3
504 _aBibliografía en cada capítulo.
505 0 _aPersonal management: The purpose of personal management. -The call to ministry. -Our responsibility to God. -Responsibility to family members. -Responsibility to self. -Time management. -Personal finances. -Transition: The meaning of church vocation. -The search process. -negotiating the terms of a Call. -Leadership: The meaning of leadership. -The responsabilities of leadership. -Leading christians. -Crisis and conflict. -Paid-Staff supervision: The meaning of supervision. -Hiring support staff. -Calling ministerial and program staff. -Managing staff. -Terminating staff. -Volunteer-staff supervision. -Management. -The purpose of management. -managing church government. -Managing the church office. -Managing the church computer system. Finances.
526 _aSEG42
526 _aSEG41
526 _aSEG40
526 _aSEG39
526 _aP94
526 _aP87
526 _aP86
526 _aP85
526 _aP77
526 _aP76
526 _aP35
650 0 4 _aAdministración de iglesias.
700 1 _aBerkley, James D.,
_eed.
942 _2ddc
_cBOOK
949 _a253.5 L54
_wDEWEY
_c1
_i44986
_lCCODEBUL1
_mBUL
_r0
_sY
_tBOOK
_u2015-6-24
_xTEOLOGIA
_PP35
_0COMPRA
_o.STAFF. Colección General
994 _aC0
_bPEPRU
596 _a1
999 _a253.5 L54
_wDEWEY
_c21862
_i44986
_f2021-11-10
_g5
_lCCODEBUL1
_mBUL
_r0
_sY
_tBOOK
_u2015-6-24
_xTEOLOGIA
_PP35
_0COMPRA
_o.STAFF. Colección General
_d21862
980 _81
_gALBERTO SANCHEZ Responsable de Automatización